000 00600nam a2200229Ia 4500
003 OSt
005 20220923230645.0
006 a|||||r|||| 00| 0
007 ta
008 Pun
024 _a291,309
037 _cTextual
040 _aARTS
_cARTS
_bPun
041 _2Pun
_aPun
082 _aO153,3:g, M8
100 _aਸਿੰਘ, ਹਰਿਭਜਨ
_9156291
245 0 _aਪਿਆਰ ਤੇ ਪਰਿਵਾਰ
260 _c1988
650 _aਪੰਜਾਬੀ ਸਾਹਿਤ
942 _hO153,3:g, M8
_cTEXL
_2CC
999 _c386313
_d386313